000 01041cab a22002295a 4500
001 L140662
008 071003e20070929xxkao f s 000 0 eng d
035 _a(Sirsi) u140662
041 0 _aeng
100 1 _aCavanagh, Elaine
245 0 0 _aFocus
_bM25 south east
260 _c2007
490 _aEstates Gazette
_v(0739) 29 September 2007, 131-143(8)
520 _aReports on retail, office and industrial property market developments within the region. Retailers and developers are investing significantly in Croydon, Crawley, Bromley and Bluewater. Developers are investing in speculative commercial schemes in the area, which has traditionally been poorly served in the office market. Two large-scale warehouse developments are nearing completion, but there remains a shortage of smaller units.
590 _aKA
651 4 _aSouth East (England)
690 _aPROPERTY-COMMERCIAL PROPERTY-COMMERCIAL PROPERTY MARKET
690 _aPROPERTY-INDUSTRIAL PROPERTY
700 1 _aTaylor, Andrew
700 1 _aJack, Simon
942 _n0
999 _c79317
_d79317